000 00521nam a2200145 a 4500
008 120416s1984 ||||||||||||||||| || u
050 _aQA 76.6.M5 Ahs
100 _aAhson, S. I
245 1 0 _aMicrocprocessors
246 _awith applications in process control
260 _aNew Delhi
_bTata McGraw-Hill
_c1984
300 _axi, 315p. : ill.
350 _a0.00
995 _D0.00
_FCBU-MAIN LIBRARY (Kitwe)
_H1
_I4.50
_M1
_UAVAILABLE
_ZAnnex Low-Usage Collection
999 _c51105
_d51105